=LDR 00000nam 2200000 4500 =001 INLIS000000000049736 =005 20200311090901 =035 ##$$a 0010-031700000000181 =008 200311################g##########0#ind## =040 ##$$a NBPDMAT =082 ##$$a 297.721 =090 ##$$a 297.721 Abd b =100 ##$$a Abdul Aziz Sukarnawadi =245 1#$$a Biografi empat wali kutub : $b syekh Ahmad Ar Rifa'i Ra, Syekh Abdul Qadir Al Jilani Ra, Syekh Ahmad Al Badawi Ra, Syekh Ibrahim Ad Dusuqi Ra /$c H. Abdul Aziz Sukarnawadi, Lc.,MA. =260 ##$$a Yogyakarta :$b Aswaja Pressindo,$c 2016 =300 ##$$a xii, 132 hlm. : $b ilus ; $c 20 x 14 cm =500 ##$$a Bibliografi : hlm .127 - 132 =650 #4$$a Wali =850 ##$$a NBPDMAT =020 ##$$a 602-6791-38-8 =084 ##$$a 297.721 ABD b =990 ##$$a 21605670 =990 ##$$a 21605671 =990 ##$$a 21605672 =990 ##$$a 21605673 =990 ##$$a 21605674 =990 ##$$a 21605671 =990 ##$$a 21605670 =990 ##$$a 21605672 =990 ##$$a 21605673 =990 ##$$a 21605674